000 00385pab a2200157 454500
008 180718b2012 xxu||||| |||| 00| 0 eng d
100 _aBaru, Rama V.
245 _aA limiting perspective on universal coverage
260 _c2012
300 _ap.64-66.
362 _a25 Feb
650 _aHealth services
773 _aEconomic and Political Weekly
908 _aN
909 _a95241
999 _c95241
_d95241